| 000 | 00357 a2200097 4500 | ||
|---|---|---|---|
| 082 | _a665.5388 THI | ||
| 245 | _aThickness design--asphalt pavements for highways and streets. | ||
| 260 |
_a[College Park, Md.] : _bAsphalt Institute, _c1991. |
||
| 300 |
_aviii, 80 p. : _bill. ; _c28 cm. |
||
| 650 |
_aPavements, Asphalt _xDesign and construction. |
||
| 830 | 0 | _aManual series (Asphalt Institute) ; | |
| 999 |
_c1745 _d1745 |
||